LEADER 01465nam2-2200385---450- 001 990003132690203316 005 20080926121114.0 010 $a978-3-540-69857-9 035 $a000313269 035 $aUSA01000313269 035 $a(ALEPH)000313269USA01 035 $a000313269 100 $a20080728d2008----km-y0itay50------ba 101 $aeng 102 $aDE 105 $aa---||||001yy 200 1 $aNatural image and information systems$e13th international conference on applications of natural language to information systems, NLDB 2008$eLondon, UK, june 24-27, 2008$eproceedings$fEpaminondas Kapetanios...[et al.] (Eds.) 210 $aBerlin [etc.]$cSpringer$dcopyr.2008 215 $aXIX, 386 p.$cill.$d24 cm 225 2 $aLecture notes in computer science$v5039 410 0$12001$aLecture notes in computer science 461 1$1001000314960$12001$aLecture notes in computer science 606 0 $aInformatica$xCongressi 676 $a004 702 1$aKAPETANIOS,$bEpaminondas 710 02$aInternational conference on applications of natural language to information systems, NLDB 2008$b<13.;$f2008;$eLondon>$0601867 801 0$aIT$bsalbc$gISBD 912 $a990003132690203316 951 $a001 LNCS 5039$b37207/CBS$c001$d00217575 959 $aBK 969 $aSCI 979 $aCBAS$b10$c20080728$lUSA01$h1057 979 $aANGELA$b90$c20080926$lUSA01$h1211 996 $aNatural image and information systems$91016905 997 $aUNISA LEADER 02920nam0 22005893i 450 001 VAN00249373 005 20240806101418.901 017 70$2N$a9783030593179 100 $a20220830d2020 |0itac50 ba 101 $aeng 102 $aCH 105 $a|||| ||||| 200 1 $aInverse problems$ebasics, theory and applications in geophysics$fMathias Richter 205 $a2. ed 210 $aCham$cBirkhäuser$cSpringer$d2020 215 $axiv, 273 p.$cill.$d24 cm 410 1$1001VAN00113483$12001 $aLecture Notes in Geosystems Mathematics and Computing$1210 $aBasel$cBirkhäuser 500 1$3VAN00242528$aInverse problems : basics, theory and applications in geophysics$92785163 606 $a47A52$xLinear operators and ill-posed problems, regularization [MSC 2020]$3VANC020790$2MF 606 $a47J06$xNonlinear ill-posed problems [MSC 2020]$3VANC021957$2MF 606 $a65-XX$xNumerical analysis [MSC 2020]$3VANC019772$2MF 606 $a65F22$xIll-posedness and regularization problems in numerical linear algebra [MSC 2020]$3VANC028866$2MF 606 $a65J20$xNumerical solutions of ill-posed problems in abstract spaces; regularization [MSC 2020]$3VANC025244$2MF 606 $a65J22$xNumerical solution to inverse problems in abstract spaces [MSC 2020]$3VANC029362$2MF 606 $a86A22$xInverse problems in geophysics [MSC 2020]$3VANC022119$2MF 610 $aDiscretization inverse problems$9KW:K 610 $aFull waveform inversion problem$9KW:K 610 $aGeomathematics$9KW:K 610 $aIll-posed problem$9KW:K 610 $aIll-posed problem regularization$9KW:K 610 $aInverse gravimetry problem$9KW:K 610 $aInverse problems geophysical applications$9KW:K 610 $aInverse problems gravimetry$9KW:K 610 $aInverse problems math$9KW:K 610 $aInverse problems numerical analysis$9KW:K 610 $aInverse problems science engineering$9KW:K 610 $aNonlinear gravimetry problem$9KW:K 610 $aNonlinear problems geophysics$9KW:K 610 $aRegularization inverse problems$9KW:K 610 $aSeismic tomography$9KW:K 620 $aCH$dCham$3VANL001889 700 1$aRichter$bMathias$3VANV088926$0755956 712 $aBirkhäuser $3VANV108193$4650 712 $aSpringer $3VANV108073$4650 801 $aIT$bSOL$c20241115$gRICA 856 4 $uhttp://doi.org/10.1007/978-3-030-59317-9$zE-book ? Accesso al full-text attraverso riconoscimento IP di Ateneo, proxy e/o Shibboleth 899 $aBIBLIOTECA DEL DIPARTIMENTO DI MATEMATICA E FISICA$1IT-CE0120$2VAN08 912 $fN 912 $aVAN00249373 950 $aBIBLIOTECA DEL DIPARTIMENTO DI MATEMATICA E FISICA$d08DLOAD e-book 4707 $e08eMF4707 20220830 996 $aInverse problems : basics, theory and applications in geophysics$92785163 997 $aUNICAMPANIA